Čo Súčan - to muzikant Stotridsaťročná história dychovej hudby

Bibliographic Details
Main Author: Štefánek, Michal (Author)
Format: Article
Language:Slovak
PhysicalDescription:Obr. 1.
Subjects:

MARC

LEADER 00000nab a2200000 a 4500
001 vtls000152176
003 SK-MaSNL
005 20260302210357.0
008 111104c1983 xo 0 slo
015 |a SNBRB19rr/mm-uuuuu 
035 |a CL0162283 
040 |a SNKBUCL  |b slo  |c SNKBUCL  |e AACR2 
041 0 |a slo 
044 |a xo  |c SK 
080 |a 788  |2 1981 
100 1 |a Štefánek, Michal  |4 aut  |9 5308 
245 1 0 |a Čo Súčan - to muzikant  |b Stotridsaťročná história dychovej hudby  |c Michal Štefánek 
300 |b Obr. 1. 
650 0 7 |a dychová hudba  |2 snkbucl  |9 3426 
651 7 |a Dolná Súča (Slovensko)  |2 snkbucl  |9 115202 
655 7 |a články z novín a časopisov  |2 snkbucl  |9 267496 
773 0 |t Nedeľná Pravda  |g Roč. 16, č. 26 (1983), s. 14 
850 |a Slovenská národná knižnica v Martine  |a MTA001 
852 |a SNK  |b KIS3GCP 
958 |a RK 
992 |a RBX 
999 |c 1482313  |d 1484243